Keeping the U.S. computer industry competitive : Systems integration : a colloquium report

保存先:
書誌詳細
フォーマット: 図書
言語:Undetermined
出版事項: Washington, D.C. National Academy Press 1992
主題:
タグ: タグ追加
タグなし, このレコードへの初めてのタグを付けませんか!
Thư viện lưu trữ: Trung tâm Học liệu Trường Đại học Cần Thơ
LEADER 00716nam a2200193Ia 4500
001 CTU_87139
008 210402s9999 xx 000 0 und d
082 |a 338.6 
082 |b K26 
245 0 |a Keeping the U.S. computer industry competitive : 
245 0 |b Systems integration : a colloquium report 
245 0 |c by the Computer Science and Telecommunications Board, Commission on Physical Sciences, Mathematics, and Applications, National Research Council 
260 |a Washington, D.C. 
260 |b National Academy Press 
260 |c 1992 
650 |a computer industry,competition, international 
650 |z united states 
904 |i M.Loan 
980 |a Trung tâm Học liệu Trường Đại học Cần Thơ